000 01069nam a2200289 a 4500
001 65635
003 BD-RjUL
005 20211209081440.0
008 170309s1928 nyu 000 1 eng
035 _a(BD-RjUL)65765
040 _aDLC
_cDLC
_dDLC
_dBD-RjUL
_beng
041 _aeng
082 _223
_a813.3
_bMES 1928
100 1 _aMelville, Herman,
_d1819-1891.
_9194156
245 1 0 _aShorter novels of Herman Melville /
_cHerman Melville ; with an introduction by Raymond Weaver.
260 _aNew York :
_bGrosset's University Library,
_cc1928.
300 _ali, 328 p. ;
_c23 cm.
490 0 _aThe Black and gold library
500 _aIllustrated lining-papers.
505 0 _aBenito Cereno.--Bartleby, the scrivener.--The Encantadas; or, Enchanted isles.--Billy Budd, foretopman.
600 _aMelville, Herman,
_d1819-1891
_9194159
650 _aShort stories
_9185507
650 _aAmerican fiction
_9185644
700 1 _aWeaver, Raymond M.
_q(Raymond Melbourne),
_d1888-1948,
_eed.
_9194157
830 _aThe Black and gold library
_9194160
942 _2ddc
_cBK
999 _c65635
_d65635